000 00280 a2200145 4500
001 163972
020 _a
040 _cMagnum
100 _a-
240 1 0 _aDois bons amigos
_lpor
245 1 0 _aDois bons amigos
362 0 _a1899
697 _aI/FADAS, FANTASIA
942 _cBK
999 _c163972
_d163972